Budeme platiť v reštauráciach menej?

Zákonom č. 153/1999 Z.z. bol novelizovaný zákon č. 289/1995 Z.z. o dani z pridanej hodnoty v znení neskorších predpisov. Zásadnou zmenou, ku ktorej došlo, bolo nahradenie zníženej 6 perc. sadzby dane 10 per. sadzbou. Došlo aj k určitým zmenám v prílohe zákona č. 1, v ktorej sú uvedené tovary a služb...

Ausführliche Beschreibung

Gespeichert in:
Bibliographische Detailangaben
1. Verfasser: Borodovčák, Michal
Format: Buchkapitel
Sprache:Slowakisch
Schlagworte:
Tags: Tag hinzufügen
Keine Tags, Fügen Sie das erste Tag hinzu!

MARC

LEADER 00000naa a2200000 4500
001 r035931
005 20230911130748.1
041 0 |a slo 
044 |a SK 
245 1 0 |a Budeme platiť v reštauráciach menej?  |c Michal Borodovčák 
520 |a Zákonom č. 153/1999 Z.z. bol novelizovaný zákon č. 289/1995 Z.z. o dani z pridanej hodnoty v znení neskorších predpisov. Zásadnou zmenou, ku ktorej došlo, bolo nahradenie zníženej 6 perc. sadzby dane 10 per. sadzbou. Došlo aj k určitým zmenám v prílohe zákona č. 1, v ktorej sú uvedené tovary a služby, pri ktorých sa uplatňuje znížená sadzba dane. Tieto zmeny sa dotýkajú uplatňovania príslušnej sadzby dane pri poskytovaní reštauračných služieb. Snaha o posúdenie dopadu týchto zmien na prípadné úpravy cien služieb. 
610 2 0 |a reštaurácie 
610 2 0 |a stravovanie spoločné 
610 2 0 |a služby 
610 2 0 |a dane z hodnoty pridanej 
610 2 0 |a sadzby daňové 
610 2 0 |a ceny 
610 2 0 |a zákony 
610 2 0 |a novelizácia 
610 2 0 |a Slovensko 
610 2 0 |a 1999 
100 1 |a Borodovčák, Michal